|
|
|
|
| LEADER |
00000cam a2200000 4500 |
| 001 |
vtls011872379 |
| 003 |
SK-MaSNL |
| 005 |
20260301144003.0 |
| 008 |
210701s2019 xr a ar 000 0 slo |
| 015 |
|
|
|a SNBZSA2021/05
|
| 020 |
|
|
|a 9788000054117
|q (viazané)
|
| 035 |
|
|
|a urn:nbn:sk:snk-am00fbpp
|
| 035 |
|
|
|a urn:nbn:sk:snk-am3ipyo
|
| 035 |
|
|
|a 38764ABD-E2EE-4B75-B1E7-C4FED02CF1D3
|
| 040 |
|
|
|a SNK
|b slo
|c SNK
|e rda
|
| 041 |
1 |
|
|a slo
|h cze
|
| 044 |
|
|
|a xr
|c CZ
|
| 072 |
|
7 |
|a 37
|x Výchova a vzdelávanie
|2 konspekt
|
| 072 |
|
7 |
|a 0/9-053.2
|x Literatúra pre deti a mládež (náučná)
|2 konspekt
|
| 080 |
|
|
|a 371
|2 2011
|
| 080 |
|
|
|a 82-93-053.2
|2 2011
|
| 080 |
|
|
|a (084.11)
|2 2011
|
| 080 |
|
|
|a (0.062)
|2 2011
|
| 080 |
|
|
|a 37.01/.09
|2 2011
|
| 100 |
1 |
|
|a Sekaninová, Štěpánka
|4 aut
|9 354830
|
| 245 |
1 |
0 |
|a Čo sa deje v škole
|h grafika
|c napísala Štěpánka Sekaninová ; ilustrovala Kateřina Hikadová ; translations Ľuba Nguyenová Ahnová
|
| 250 |
|
|
|a Prvé vydanie
|
| 264 |
|
1 |
|a V Prahe
|b Albatros
|b Albatros Media, a.s.
|c 2019
|
| 300 |
|
|
|a 16 nečíslovaných strán
|b farebné ilustrácie
|c 30 cm
|
| 336 |
|
|
|a text
|b txt
|2 rdacontent
|
| 336 |
|
|
|a statický obraz
|b sti
|2 rdacontent
|
| 337 |
|
|
|a bez média
|b n
|2 rdamedia
|
| 338 |
|
|
|a zväzok
|b nc
|2 rdacarrier
|
| 500 |
|
|
|a Názov z obalu
|
| 500 |
|
|
|a Kartónové listy
|
| 500 |
|
|
|a Pravdepodobne preložené z češtiny?
|
| 500 |
|
|
|a Pre nakladateľstvo Albatros pripravilo vydavateľstvo B4U Publishing
|
| 521 |
8 |
|
|a Pre čitateľov od 3 rokov
|
| 650 |
0 |
7 |
|a škola
|2 SNKPH
|9 29975
|
| 650 |
0 |
7 |
|a School
|2 SNKPHeng
|9 302997
|
| 650 |
0 |
7 |
|a Education
|2 SNKPHeng
|9 265320
|
| 650 |
0 |
7 |
|a výchova a vzdelávanie
|2 SNKPH
|9 1684
|
| 655 |
|
7 |
|a publikácie pre deti
|2 SNKPH
|9 70148
|
| 655 |
|
7 |
|a obrazové publikácie
|2 SNKPH
|9 70343
|
| 655 |
|
7 |
|a populárno-náučné publikácie
|2 SNKPH
|9 70460
|
| 655 |
|
7 |
|a Publications for children
|2 SNKPHeng
|9 276792
|
| 655 |
|
7 |
|a Pictorial works
|2 SNKPHeng
|9 284468
|
| 655 |
|
7 |
|a Popular works
|2 SNKPHeng
|9 90287
|
| 700 |
1 |
|
|a Hikadová, Kateřina,
|d 1989-
|4 ill
|9 176009
|
| 700 |
1 |
|
|a Nguyenová Anhová, Ľuba
|4 trl
|9 121871
|
| 919 |
|
|
|a 978-80-00-05411-7
|
| 958 |
|
|
|a OND
|
| 958 |
|
|
|a ZS
|
| 958 |
|
|
|a DB
|
| 958 |
|
|
|a UP
|
| 968 |
|
|
|b ČES
|
| 999 |
|
|
|c 775521
|d 777451
|
| 952 |
|
|
|a SNK
|b SNK
|y PREZ
|7 0
|p 17A1446363
|o snkOSB 20180
|i snk2021/79
|8 4
|g 8.24
|0 0
|1 0
|4 0
|d 2020-02-28
|f 1
|l 0
|r 2026-02-24 00:48:12
|w 2026-02-24
|